|
|
|
|
| LEADER |
00000nam0a2200000 4500 |
| 001 |
108950 |
| 005 |
20231031115854.0 |
| 010 |
|
|
|a 5948330214
|
| 035 |
|
|
|a (RuTPU)RU\TPU\book\117605
|
| 090 |
|
|
|a 108950
|
| 100 |
|
|
|a 20070129d2006 km y0rusy50 ca
|
| 101 |
1 |
|
|a rus
|c eng
|
| 102 |
|
|
|a RU
|
| 105 |
|
|
|a a z 001zy
|
| 200 |
1 |
|
|a Сбор данных в системах контроля и управления
|e практическое руководство
|e пер. с англ.
|f Дж. Парк, С. Маккей
|
| 210 |
|
|
|a Москва
|c Группа ИДТ
|d 2006
|
| 215 |
|
|
|a 504 с.
|c ил.
|
| 225 |
1 |
|
|a Безопасность и системы промышленной автоматизации. Опыт практического применения
|
| 320 |
|
|
|a Предметный указатель: с. 500-503.
|
| 330 |
|
|
|a Книга охватывает все аспекты систем сбора данных от определения параметров и разработки до программирования, установки и настройки. Представлена полная информация об организации интерфейса между ПК и автономными приборами, предназначенными для регистрации реальных сигналов в лаборатории и на промышленном предприятии. Книга содержит всеобъемлющее описание компьютерных систем сбора данных и всю необходимую информацию для быстрой и эффективной разработки, установки, настройки и программирования систем сбора информации. Книга будет полезна как для начинающих, так и для опытных пользователей.
|
| 610 |
1 |
|
|a практические руководства
|
| 610 |
1 |
|
|a программирование
|
| 610 |
1 |
|
|a данные
|
| 610 |
1 |
|
|a сбор данных
|
| 610 |
1 |
|
|a системы контроля
|
| 610 |
1 |
|
|a системы управления
|
| 610 |
1 |
|
|a аналоговые системы
|
| 610 |
1 |
|
|a цифровые сигналы
|
| 610 |
1 |
|
|a классификация
|
| 610 |
1 |
|
|a датчики
|
| 610 |
1 |
|
|a термисторы
|
| 610 |
1 |
|
|a термопары
|
| 610 |
1 |
|
|a тензодатчики
|
| 610 |
1 |
|
|a мосты Уитстона
|
| 610 |
1 |
|
|a преобразование
|
| 610 |
1 |
|
|a измерение
|
| 610 |
1 |
|
|a электрические шумы
|
| 610 |
1 |
|
|a помехи
|
| 610 |
1 |
|
|a минимизация
|
| 610 |
1 |
|
|a персональные компьютеры
|
| 610 |
1 |
|
|a режим реального времени
|
| 610 |
1 |
|
|a операционные системы
|
| 610 |
1 |
|
|a память
|
| 610 |
1 |
|
|a сменные платы
|
| 610 |
1 |
|
|a теорема Найквиста
|
| 610 |
1 |
|
|a интерфейсы
|
| 610 |
1 |
|
|a стандарты
|
| 610 |
1 |
|
|a локальные сети
|
| 610 |
1 |
|
|a специальные технологии
|
| 610 |
1 |
|
|a PC Card
|
| 610 |
1 |
|
|a Ethernet
|
| 610 |
1 |
|
|a IEEE-488
|
| 610 |
1 |
|
|a Unix
|
| 610 |
1 |
|
|a Windows
|
| 610 |
1 |
|
|a DOS
|
| 675 |
|
|
|a 681.518.5
|v 3
|
| 675 |
|
|
|a 681.324.01
|v 3
|
| 700 |
|
1 |
|a Парк
|b Дж.
|g Джон
|
| 701 |
|
1 |
|a Маккей
|b С.
|g Стив
|
| 801 |
|
1 |
|a RU
|b 63413507
|c 20070129
|g PSBO
|
| 801 |
|
2 |
|a RU
|b 63413507
|c 20100512
|g PSBO
|
| 900 |
|
|
|a Модульные системы автоматизации физических экспериментов
|
| 900 |
|
|
|a Модульные системы автоматизации физического эксперимента
|
| 900 |
|
|
|a Проектирование автоматизированных систем
|
| 900 |
|
|
|a Интегрированные системы проектирования и управления
|
| 942 |
|
|
|c BK
|
| 959 |
|
|
|a 9/20070129
|d 1
|e 795,00
|f ЧЗТЛ:1
|